Statistics for The Next Nearest 5 Million+ Cities Chain Game

Click here to take the quiz!

General Stats

  • This quiz has been taken 65 times
    (43 since last reset)
  • The average score is 45 of 85

Answers on the Map

Answers color-coded by a green-red scale on the quiz's map according to % correct below.
 

Answer Stats

Population (mil)Distance (km)CountryCity% Correct
37.4JapanTokyo
100%
19.2136JapanOsaka
97%
9.6259JapanNagoya
94%
10540South KoreaSeoul
94%
5.5488JapanFukuoka
78%
20.5112ChinaBeijing
69%
5.6493ChinaDalian
69%
27.184ChinaShanghai
69%
13.6271ChinaTianjin
66%
13.351ChinaGuangzhou
63%
10.5745ThailandBangkok
59%
12.3499IndiaBengaluru
59%
11288IndiaChennai
59%
5764BangladeshChittagong
59%
30.3424IndiaDelhi
59%
21212BangladeshDhaka
59%
8.61612VietnamHo Chi Minh City
59%
7.532ChinaHong Kong
59%
101182IndiaHyderabad
59%
14.9248IndiaKolkata
59%
13.91115PhilippinesManila
59%
20.4121IndiaMumbai
59%
6.6915IndiaPune
59%
5.3581MyanmarYangon
59%
5.2831Cote d'IvoireAbidjan
56%
8.1209IndiaAhmedabad
56%
7.1695IraqBaghdad
56%
20.91639EgyptCairo
56%
6.72464TanzaniaDar es Salaam
56%
5.82486South AfricaJohannesburg
56%
16.1600PakistanKarachi
56%
14.32405DR CongoKinshasa
56%
14.43846NigeriaLagos
56%
12.61026PakistanLahore
56%
8.3552AngolaLuanda
56%
5.6332ChinaQingdao
56%
7.2989Saudi ArabiaRiyadh
56%
12.4111ChinaShenzhen
56%
9.12544IranTehran
56%
8.4977ChinaWuhan
56%
8435ChinaXi'an
56%
5.3181EgyptAlexandria
53%
5.11007TurkeyAnkara
53%
5.6831SpainBarcelona
53%
9.1269ChinaChengdu
53%
15.2352TurkeyIstanbul
53%
10.8899IndonesiaJakarta
53%
5.82599SudanKhartoum
53%
87690MalaysiaKuala Lumpur
53%
9.32102UKLondon
53%
6.6505SpainMadrid
53%
12.51759RussiaMoscow
53%
11344FranceParis
53%
5.9317SingaporeSingapore
53%
5.5634RussiaSt Petersburg
53%
7.2233IndiaSurat
53%
15.9572ChinaChongqing
50%
7.6161ChinaHangzhou
50%
7.41031ChinaDongguan
47%
8.8460ChinaNanjing
47%
5.3623ChinaZhengzhou
47%
5.4309ChinaJinan
44%
7.1189ChinaSuzhou
44%
5.81129USAAtlanta
41%
6.31947USADallas
41%
6.4379USAHouston
41%
12.49023USALos Angeles
41%
5.3873USAWashington
41%
113634ColombiaBogota
38%
15.21136ArgentinaBuenos Aires
38%
8.9703USAChicago
38%
7.318ChinaFoshan
38%
5.2459MexicoGuadalajara
38%
6.4511ChinaHarbin
38%
10.71882PeruLima
38%
21.82068MexicoMexico City
38%
6.11914USAMiami
38%
18.8130USANew York
38%
5.7199USAPhiladelphia
38%
6.82471ChileSantiago
38%
6.2556CanadaToronto
38%
6.1340BrazilBelo Horizonte
34%
13.5358BrazilRio de Janeiro
34%
221678BrazilSao Paulo
34%
7.25604ChinaShenyang
34%

Score Distribution

Percentile by Number Answered

Percent of People with Each Score

Your Score History

You have not taken this quiz since the last reset